000
00212nam a2200085Ia 4500
008
120527s9999 xx 000 0 und d
100
_a
Aron , Raymond
245
_a
Main Currents in sociological thought
942
_c
BK
999
_c
27683
_d
27683